Catálogo
 En Linea

Informe de gestión anual 2012 / (Registro nro. 51670)

Detalles MARC
000 -CABECERA
campo de control de longitud fija 01431nam a2200277 a 4500
003 - IDENTIFICADOR DEL NÚMERO DE CONTROL
campo de control DO-SdBNP
005 - FECHA Y HORA DE LA ÚLTIMA TRANSACCIÓN
campo de control 20260205110706.0
007 - CAMPO FIJO DE DESCRIPCIÓN FÍSICA--INFORMACIÓN GENERAL
campo de control de longitud fija ta
008 - DATOS DE LONGITUD FIJA--INFORMACIÓN GENERAL
campo de control de longitud fija 220509e2012 dr ac||ert||| 001 0 spa d
040 ## - FUENTE DE LA CATALOGACIÓN
Centro catalogador/agencia de origen DO-SdBNP
Lengua de catalogación spa
Centro/agencia transcriptor BNPHU
082 #4 - NÚMERO DE LA CLASIFICACIÓN DECIMAL DEWEY
Número de edición 22
Número de documento/Ítem I43g
245 00 - MENCIÓN DE TÍTULO
Título Informe de gestión anual 2012 /
Mención de responsabilidad, etc. Prólogo,Prólogo, Manuel A. Grullón, Fotografías, Luis Nova, Jochy Fersobe.
260 ## - PUBLICACIÓN, DISTRIBUCIÓN, ETC.
Lugar de publicación, distribución, etc. Santo Domingo :
Nombre del editor, distribuidor, etc. Banco Popular, República Dominicana,
Fecha de publicación, distribución, etc. 2012
300 ## - DESCRIPCIÓN FÍSICA
Extensión 191 p. :
Otras características físicas il., fotogr. ;
Dimensiones 29 cm.
500 ## - NOTA GENERAL
Nota general Incluye Directorio de oficinas, p. 190- 195.
505 ## - NOTA DE CONTENIDO CON FORMATO
Título Indicadores financieros.--
-- Carta del Presidente.--
-- Informe del consejo de Administración.--
-- Don Pedro A. Rodríguez, Primer Consejoro Emérito del Popular.--
-- De la mano con las empresas.--
-- Productos y servicios.--
-- Composición social con nuestras comunidades.--
-- Estado financieros.--
-- Miembros del Consejo de Administración.--
-- Comités del Consejo de Administración.--
-- Principales funcionarios.--
-- Directorio de oficinas.
590 ## - NOTA LOCAL (RLIN)
Nota local Inventariado 2022 / MF
610 #4 - PUNTO DE ACCESO ADICIONAL DE MATERIA--NOMBRE DE ENTIDAD CORPORATIVA
9 (RLIN) 7760
Nombre de entidad corporativa o nombre de jurisdicción como elemento de entrada Banco Popular de la República Dominicana
Subdivisión general Informes Técnicos
650 #0 - PUNTO DE ACCESO ADICIONAL DE MATERIA--TÉRMINO DE MATERIA
Término de materia o nombre geográfico como elemento de entrada Informes técnicos
Subdivisión general Redacción
9 (RLIN) 7867
700 1# - PUNTO DE ACCESO ADICIONAL--NOMBRE DE PERSONA
9 (RLIN) 73783
Nombre de persona Grullón, Manuel A
Término indicativo de función/relación pról.
700 1# - PUNTO DE ACCESO ADICIONAL--NOMBRE DE PERSONA
9 (RLIN) 36995
Nombre de persona Nova, Luis
Término indicativo de función/relación fotogr.
700 1# - PUNTO DE ACCESO ADICIONAL--NOMBRE DE PERSONA
9 (RLIN) 73769
Nombre de persona Fersobe, Jochy
Término indicativo de función/relación fotogr.
710 1# - PUNTO DE ACCESO ADICIONAL--NOMBRE DE ENTIDAD CORPORATIVA
9 (RLIN) 7760
Nombre de entidad corporativa o nombre de jurisdicción como elemento de entrada Banco Popular de la República Dominicana
910 ## - DATOS DE OPCIÓN DEL USUARIO (OCLC)
Datos de opción del usuario MFeliz
942 ## - ELEMENTOS DE PUNTO DE ACCESO ADICIONAL (KOHA)
Fuente del sistema de clasificación o colocación Dewey Decimal Classification
Tipo de ítem Koha Libro
Existencias
Estado de retiro Estado de pérdida Fuente del sistema de clasificación o colocación Restricciones de uso No para préstamo Código de colección Localización permanente Ubicación/localización actual Ubicación en estantería Fecha de adquisición Fuente de adquisición Total de préstamos Signatura topográfica completa Código de barras Fecha visto por última vez Precio válido a partir de Tipo de ítem Koha
    Dewey Decimal Classification Excluido de préstamo   Patrimonio Dominicano Biblioteca Nacional Pedro Henríquez Ureña Biblioteca Nacional Pedro Henríquez Ureña Depósito 02.11.2021 Donado por Wilfredo Alemani   I43g 2022-1883 09.05.2022 09.05.2022 Libro

Con tecnología Koha